Як заробити на дрон (Запис № 17774)

000 -Маркер запису
Контрольне поле сталої довжини 02377nam a22002657a 4500
003 - Належність контрольного номера
Контрольне поле Uzh_bibl
008 - Кодовані дані
Контрольне поле сталої довжини 240916b |||||||| |||| 00| 0 ukr d
020 ## - Індекс ISBN
ISBN 978-617-614-715-2
Ціна 230.00
040 ## - Джерело каталогіз.
Код мови каталог. укр.
041 ## - Код мови видання
Код мови оригіналу українська
Код мови тексту українська
080 ## - Індекс УДК
Індекс УДК 821(477)
090 ## - Шифри
Поличний індекс 821(477)
Авторський знак С 51
100 ## - Автор
Автор Скуловатова,Олена
245 ## - Назва
Назва Як заробити на дрон
Відповідальність іл.Ю.Мархішуд
Фізичний носій Текст
260 ## - Вихідні дані
Місце видання Чернівці
Видавництво Книги ХХІ
Дата видання 2025
300 ## - Фізичний опис
Обсяг 208 с.
Ілл./тип відтвор. іл.
Тип одиниці В опр.
490 ## - Серія
Назва серії Серія"Клуб юних бізнесменів"
520 ## - Анотація
Анотація З початком повномасштабного вторгнення росіян Руся з родиною переїжджає до села. Там спокійно, але сумно. Одначе її брату Тарові вдається під’єднатись до інтернету. Так підлітки дізнаються, що їхній друг Влад збирає гроші на дрон для тата, якого мобілізували до війська.<br/><br/>Руся і Тар не можуть залишатися осторонь. Їм доводиться винаходити нові способи заробітку. Допомагає в цьому їхня подруга Нат. Вона виїхала з дідусем до Німеччини, але справжній дружбі відстань не завада.<br/><br/>Нові виклики, нові знайомства, неочікувані зустрічі — усе це чекає на Клуб юних бізнесменів. І, звісно, багато нових знань з економіки та бізнесу.<br/><br/>Книжка «Як заробити на дрон» — продовження економічної повісті «Як заробити на канікулах», проте її можна читати як самостійний твір. Джерело: https://nashformat.ua/products/yak-zarobyty-na-dron-955018
521 ## - Примітка про цільове призначення
Примітка про цільове призначення Для дітей та юнацтва
546 ## - Примітка про мову
Примітка про мову укр.
650 ## - Тематичні рубрики
Основна рубрика Літературно-художне видання
653 ## - Ключові слова
Ключові слова Підлітки
-- Бізнес
-- Прибуток
-- Розвиток
655 ## - Термін індексування — жанр/форма
Типове ділення економічна повість
942 ## - ADDED ENTRY ELEMENTS (KOHA)
Джерело класифікації чи схема поличного розташування
Koha item type Книги
Фонди
Статус вилучення Статус втрати/відсутності Джерело класифікації чи схема поличного розташування Статус пошкодження Тип обігу (не для випозичання) Постійне розташування Поточне розташування Дата надходження Джерело надходження (постачальник) Інвентарний номер Total Checkouts Повний (примірниковий) шифр зберігання Штрих-код Date last seen Дата, для якої чинна ціна заміни Тип одиниці (рівень примірника)
          Бібліотека-філія № 1 для дітей Бібліотека-філія № 1 для дітей 23/04/2026 Подаровані 80976   821(44) 19379 15/05/2026 15/05/2026 Книги

Працює на АБІС Коха